00992nam a2200253 a 450000100100000000500170001000800410002702000150006804000250008308200190010810000460012724500530017326000350022630000410026149000300030250400320033261000620036465000610042665000630048783000390055004900090058995201230059899900170072100002210920200930011603.0100916s1989 ck ac r 000 p spa d a9589043623 aDO-SdBNPbspacBNPHU aC861.44bC485J1 aCharry Lara, Fernando,c1920-2004.94580110aJosé Asunción Silva /cFernando Charry Lara. aBogotá :bProcultura,c1989. a191, [14] p. :bil., retr. ;c19 cm.1 aClásicos colombianosv3 aBibliografías: p. 183-18410aSILVA, JOSÉ ASUNCIÓN,xBIOGRAFÍASySIGLO XIX945802 4aAutores colombianosxCrítica e interpretación945803 4aLiteratura colombianayCRÍTICA E INTERPRETACIÓN945804 0aClásicos colombianos ;v3910583 aBNGR 001054708MOaGRbGRcCTd2010-09-16iLF1l0oC861.44 C485Jp22109-10r2020-06-25w2020-06-25y4ZPréstamo en sala c21607d21607